[Event "1/128 Finale"]
[Site "www.chess-mail.com"]
[Date "2016.11.12"]
[Round "1"]
[White "Ltromb"]
[Black "Ddum975"]
[WhiteElo "1499"]
[BlackElo "1809"]
[Result "1-0"]
[Round "1"]
1.e4 c5
2.Ng1f3 d6
3.d4 cxd4
4.Nf3xd4 Ng8f6
5.Nb1c3 a6
6.Bc1g5 Nb8d7
7.f4 Qd8c7
8.Qd1f3 e6
9.g4 h6
10.Bg5h4  { time }
1-0

[Event "Tourn. n9045"]
[Site "www.chess-mail.com"]
[Date "2016.11.13"]
[Round "1"]
[White "Paaliaq"]
[Black "Woadman62"]
[WhiteElo "2660"]
[BlackElo "2610"]
[Result "1/2-1/2"]
[Round "1"]
1.e4 e5
2.Ng1f3 Ng8f6
3.d4 Nf6xe4
4.Bf1d3 d5
5.Nf3xe5 Nb8d7
6.Ne5xd7 Bc8xd7
7.O-O Bf8d6
8.Qd1h5 Qd8f6
9.Nb1c3 Qf6xd4
10.Bc1e3 Qd4e5
11.Qh5xe5 Bd6xe5
12.Nc3xd5 Ne4f6
13.Ra1e1 Nf6xd5
14.Be3d4 O-O-O
15.Bd4xe5 Nd5b4
16.Be5xg7 Nb4xd3
17.cxd3 Rh8g8
18.Bg7e5 Bd7c6
19.Be5g3 Rd8xd3
20.Re1e7 Rd3d7
{ draw }
1/2-1/2

[Event "Tourn. n9005"]
[Site "www.chess-mail.com"]
[Date "2016.11.13"]
[Round "1"]
[White "Goofy"]
[Black "Sportuga"]
[WhiteElo "2340"]
[BlackElo "2270"]
[Result "0-1"]
[Round "1"]
1.e4 c6
2.d4 d5
3.exd5 cxd5
4.Bf1d3 Nb8c6
5.c3 Qd8c7
6.Ng1e2 Bc8g4
7.f3 Bg4d7
8.Bc1f4 Qc7c8
9.Nb1d2 Ng8f6
10.O-O Bd7f5
11.Bd3b5 e6
12.Ne2g3 Bf5g6
13.Rf1e1 a6
14.Bb5a4 b5
15.Ba4c2 Bg6xc2
16.Qd1xc2 Nc6xd4
{ resign }
0-1

[Event "Tourn. n8998"]
[Site "www.chess-mail.com"]
[Date "2016.11.13"]
[Round "1"]
[White "Aalekhine"]
[Black "Cal"]
[WhiteElo "1499"]
[BlackElo "1670"]
[Result "1-0"]
[Round "1"]
1.Ng1f3 d5
2.b3 Nb8c6
3.Bc1b2 h6
4.g3 e5
5.d3 Ng8f6
6.Bf1g2 a6
7.O-O Bc8g4
8.Nb1d2 Bf8d6
9.e4 Bg4xf3
10.Bg2xf3 d4
11.c3 O-O
12.cxd4 exd4
13.Nd2c4 b5
14.Nc4xd6 cxd6
15.e5 dxe5
16.Bf3xc6 Ra8b8
17.Bc6g2 a5
18.f4 exf4
19.Rf1xf4 b4
20.Bb2xd4 Rb8b5
21.Bd4xf6 gxf6
22.Rf4g4 Rb5g5
23.Rg4xg5 fxg5
24.d4 f5
25.d5 Qd8d6
26.Qd1d2 f4
27.gxf4 Rf8xf4
28.Ra1f1 Qd6c5
29.Kh1 Rf4d4
30.Qd2e3 a4
31.Qe3e6 Kh8
32.Qe6xh6 Kg8
33.Qh6g6 Kh8
34.Bg2e4 Rd4xe4
35.Qg6xe4 Qc5c3
36.Rf1f8 Kg7
37.Qe4e7 Kg6
38.Rf8g8 Kh5
39.Qe7e2 Kh6
40.Qe2e6 Kh5
41.Rg8h8 Qc3xh8
42.Qe6h3 { resign }
1-0

[Event "Tourn. n9044"]
[Site "www.chess-mail.com"]
[Date "2016.11.13"]
[Round "1"]
[White "Caspito"]
[Black "Mao"]
[WhiteElo "1850"]
[BlackElo "1840"]
[Result "0-1"]
[Round "1"]
1.e4 c5
2.b3 Nb8c6
3.Bc1b2 d6
4.Bf1b5 Ng8f6
5.d3 g6
6.Bb5xc6 bxc6
7.Nb1c3 Bf8g7
8.Ng1f3 O-O
9.Nf3h4 Qd8a5
10.Qd1f3 Nf6xe4
11.dxe4 g5
12.Nh4f5 Bc8xf5
13.exf5 d5
14.O-O d4
15.Nc3e4 h6
16.f6 exf6
17.Ne4d6 Qa5d2
18.Ra1c1 a5
19.Qf3xc6 Rf8d8
20.Qc6d5 Rd8d7
21.Qd5xc5 Bg7f8
22.Nd6c4 Qd2xc1
23.Qc5xf8 Kxf8
24.Bb2xc1 Rd7d8
25.Bc1d2 d3
26.c3 Rd8e8
27.Bd2e3 f5
28.Nc4d2 f4
29.Be3d4 Re8e2
30.Rf1d1 Ra8e8
31.a4 Re2xd2
{ resign }
0-1

[Event "Tourn. n9004"]
[Site "www.chess-mail.com"]
[Date "2016.11.13"]
[Round "1"]
[White "Luban"]
[Black "Wegaman"]
[WhiteElo "1990"]
[BlackElo "1890"]
[Result "1-0"]
[Round "1"]
1.d4 d5
2.Ng1f3 Ng8f6
3.h3 e6
4.a3 Bf8e7
5.e3 O-O
6.c4 c6
7.Nb1c3 Rf8e8
8.Bf1d3 Nb8d7
9.O-O Nd7f8
10.Rf1e1 Nf8g6
11.e4 dxe4
12.Nc3xe4 Nf6xe4
13.Bd3xe4 Be7f6
14.Bc1e3 Ra8b8
15.Be4xg6 fxg6
16.Qd1c2 Bc8d7
17.Ra1d1 Qd8c8
18.Nf3e5 Bf6xe5
19.dxe5 c5
20.Rd1d6 b6
21.Re1d1 Bd7c6
22.Be3g5 Qc8b7
23.f3 Re8f8
24.Rd6xe6 Bc6xf3
25.Rd1d6 Bf3e4
26.Qc2d2 Be4f5
27.Re6e7 Qb7a6
28.e6 Qa6xc4
29.Rd6d7 { resign }
1-0

[Event "Tourn. n9037"]
[Site "www.chess-mail.com"]
[Date "2016.11.13"]
[Round "1"]
[White "Julian"]
[Black "Tutulini"]
[WhiteElo "1990"]
[BlackElo "1799"]
[Result "1-0"]
[Round "1"]
1.e4 c5
2.Ng1f3 d6
3.d4 cxd4
4.Nf3xd4 Ng8f6
5.Nb1c3 a6
6.Bf1c4 e6
7.Bc4b3 Bf8e7
8.O-O O-O
9.f4  { time }
1-0

[Event "Tourn. n8850"]
[Site "www.chess-mail.com"]
[Date "2016.11.13"]
[Round "1"]
[White "Andychesston"]
[Black "Libiesse"]
[WhiteElo "2010"]
[BlackElo "2020"]
[Result "0-1"]
[Round "1"]
1.e4 c5
2.Ng1f3 e6
3.a3 Nb8c6
4.d4 cxd4
5.Nf3xd4 Qd8c7
6.Nb1c3 Ng8f6
7.Bc1e3 Bf8e7
8.Nc3b5 Qc7b8
9.Qd1f3 a6
10.Nb5c3 O-O
11.Bf1d3 d6
12.h3 Bc8d7
13.Nc3e2 Rf8d8
14.O-O Nc6xd4
15.Be3xd4 d5
16.e5 Nf6e8
17.Qf3h5 g6
18.Qh5f3 Ne8g7
19.Kh2 Ng7f5
20.Qf3g4 Be7f8
21.Bd4c3 Bf8g7
22.f4 Nf5e3
23.Qg4h4 Ne3xf1
24.Ra1xf1 Qb8c7
25.Bc3d2 Ra8c8
26.Ne2d4 Qc7b6
27.Nd4b3 Qb6c6
28.Nb3d4 Qc6b6
29.Nd4b3 Qb6c6
30.Nb3d4 Qc6c5
31.Nd4f3 Bd7b5
32.b4 Qc5b6
33.Rf1c1 Rc8c6
34.Nf3g5 h6
35.Ng5f3 Rd8c8
36.c4 dxc4
37.Bd3e4 Rc6c7
38.Rc1c3 Rc7d7
39.Bd2e3 Qb6d8
40.Qh4f2 Bg7f8
41.Be3b6 Qd8e8
42.Be4c2 Rd7d5
43.Bc2e4 Rd5d7
44.Nf3d4 h5
45.Qf2f3 Bb5c6
46.Nd4xc6 bxc6
47.Rc3xc4 Rd7d2
48.Be4xc6 Qe8e7
49.Qf3c3 Rd2e2
50.Bb6c5 Qe7h4
51.Bc6f3 Re2a2
52.Bc5xf8 Rc8xf8
53.f5 Qh4f2
54.f6 h4
55.Rc4g4 Rf8d8
56.Qc3c6 Qf2c2
57.Rg4c4 Qc2b3
58.Qc6xa6 Qb3xf3
59.Rc4g4 Ra2d2
60.Qa6a7 Rd8d7
61.Qa7b8 Rd7d8
62.Qb8c7 Qf3d3
63.Rg4xh4 Rd2xg2
64.Kxg2 Qd3e2
65.Kg3 Rd8d3
66.Kf4 Qe2e3
{ resign }
0-1

[Event "Tourn. n8985"]
[Site "www.chess-mail.com"]
[Date "2016.11.13"]
[Round "1"]
[White "Amaya"]
[Black "Osopanda"]
[WhiteElo "2090"]
[BlackElo "2050"]
[Result "0-1"]
[Round "1"]
1.Ng1f3 Ng8f6
2.g3 c6
3.Bf1g2 d5
4.d3 Nb8d7
5.O-O e5
6.e4 Bf8c5
7.c3 dxe4
8.dxe4 O-O
9.b4 Bc5b6
10.Bc1g5 h6
11.Bg5xf6 Qd8xf6
12.Nb1d2 Rf8d8
13.Qd1e2 Nd7f8
14.Nd2c4 Bb6c7
15.Ra1d1 Bc8e6
16.Nf3d2 Rd8d7
17.Nd2f3 Ra8d8
18.Rd1xd7 Rd8xd7
19.Rf1d1 Rd7xd1
20.Qe2xd1 Be6xc4
21.Nf3h4 Nf8e6
22.Bg2h3 Ne6g5
23.Bh3f5 g6
24.Bf5c8 Ng5xe4
25.Qd1c2 Bc7b6
26.Kg2 Ne4xf2
27.Qc2d2 Nf2e4
28.Qd2d7 Bc4f1
29.Kh1 Qf6f2
30.Qd7e8 Kg7
31.Qe8xe5 Ne4f6
{ resign }
0-1

[Event "Tourn. n8969"]
[Site "www.chess-mail.com"]
[Date "2016.11.13"]
[Round "1"]
[White "Passaroa25"]
[Black "Mao"]
[WhiteElo "1530"]
[BlackElo "1650"]
[Result "0-1"]
[Round "1"]
1.e4 e5
2.d3 Ng8f6
3.f3 d5
4.Nb1d2 Nb8c6
5.c3 Bf8e7
6.Nd2b3 O-O
7.Bc1e3 Bc8e6
8.Ng1e2 dxe4
9.Nb3c5 exf3
10.Nc5xe6 fxe2
11.Ne6xd8 exd1Q
12.Kxd1 Ra8xd8
13.Bf1e2 e4
14.d4 Nf6d5
15.Be3d2 e3
16.Bd2c1 Be7g5
17.Kc2 Nd5f4
18.Be2f1 e2
19.Bc1xf4 exf1Q
20.Rh1xf1 Bg5xf4
21.Rf1xf4 Rf8e8
22.Ra1d1 Re8e2
23.Rd1d2 Rd8e8
24.g4 g6
25.h4 Re2e4
26.Rd2f2 Re4xf4
27.Rf2xf4 Re8e2
28.Kb3 Re2h2
29.g5 Nc6e7
30.a4 Ne7d5
31.Rf4e4 Kf8
32.Kc4 Nd5b6
33.Kb3 Nb6d5
34.Kc4 c6
35.b4 Rh2h3
36.Kc5 Rh3xc3
37.Kd6 Nd5xb4
38.d5 Nb4xd5
39.a5 Rc3a3
40.Kd7 Ra3xa5
41.Re4e8 Kg7
42.Re8e5 Nd5b6
43.Kc7 Ra5xe5
44.Kxb7 a5
45.Kxb6 a4
46.Kxc6 a3
47.Kd6 Re5e6
{ resign }
0-1

[Event "Tourn. n9013"]
[Site "www.chess-mail.com"]
[Date "2016.11.13"]
[Round "1"]
[White "Goofy"]
[Black "Drawlward"]
[WhiteElo "2340"]
[BlackElo "2490"]
[Result "0-1"]
[Round "1"]
1.e4 c5
2.Ng1f3 e6
3.d4 cxd4
4.Nf3xd4 Ng8f6
5.Nb1c3 Nb8c6
6.Nd4b5 d6
7.Bc1f4 e5
8.Bf4g5 a6
9.Nb5a3 b5
10.Nc3d5 Bf8e7
11.Bg5xf6 Be7xf6
12.c3 O-O
13.Na3c2 Bf6g5
14.Bf1e2 Nc6e7
15.Nc2e3 Bg5xe3
16.Nd5xe3 Bc8b7
17.Ne3d5 Ne7xd5
18.exd5 Ra8c8
19.O-O Rc8c5
20.Be2f3 Qd8a8
21.Qd1d3 Bb7xd5
22.b4 e4
23.Qd3d2 Rc5c7
24.Rf1d1 Bd5c4
{ resign }
0-1

[Event "Tourn. n9022"]
[Site "www.chess-mail.com"]
[Date "2016.11.13"]
[Round "1"]
[White "Ejner"]
[Black "Drawlward"]
[WhiteElo "2470"]
[BlackElo "2490"]
[Result "1/2-1/2"]
[Round "1"]
1.d4 Ng8f6
2.c4 g6
3.Nb1c3 d5
4.cxd5 Nf6xd5
5.e4 Nd5xc3
6.bxc3 Bf8g7
7.Bc1g5 c5
8.Ra1c1 O-O
9.Ng1f3 Bc8g4
10.d5 Qd8d6
11.Bf1e2 Bg4xf3
12.Be2xf3 b5
13.O-O Nb8d7
14.Qd1d2 c4
15.Qd2e3 Bg7f6
16.Bg5h6 Bf6g7
17.Bh6g5 Bg7f6
18.Bg5h6 Bf6g7
{ draw }
1/2-1/2

[Event "Tourn. n8941"]
[Site "www.chess-mail.com"]
[Date "2016.11.13"]
[Round "1"]
[White "Xkafi"]
[Black "Andychesston"]
[WhiteElo "1880"]
[BlackElo "1960"]
[Result "1-0"]
[Round "1"]
1.e4 e5
2.Bf1c4 Ng8f6
3.d3 Bf8e7
4.Nb1c3 Nb8c6
5.Nc3d5 d6
6.Bc1d2 O-O
7.Nd5xf6 Be7xf6
8.c3 Nc6a5
9.Bc4d5 c6
10.Bd5b3 Na5xb3
11.axb3 d5
12.h3 b6
13.Ng1f3 Qd8c7
14.Nf3g5 Bf6xg5
15.Bd2xg5 f6
16.Bg5h4 g5
17.Bh4g3 dxe4
18.dxe4 Bc8e6
19.O-O Ra8d8
20.Qd1c2 f5
21.exf5 Be6xf5
22.Qc2c1 h6
23.Rf1e1 Rf8e8
24.h4 Qc7g7
25.hxg5 h5
26.Bg3h4 a5
27.Ra1a4 Rd8d6
28.Bh4g3 Rd6g6
29.Qc1e3 Rg6xg5
30.Qe3xb6 e4
31.Qb6xc6 Re8c8
32.Qc6d5 Kh7
33.Ra4xa5 Rc8g8
34.Re1a1 Kh6
35.Ra5a6 Bf5g6
36.Qd5xe4 Rg5f5
37.Qe4xf5 Kh7
38.Qf5g5 { resign }
1-0

[Event "Tourn. n9048"]
[Site "www.chess-mail.com"]
[Date "2016.11.13"]
[Round "1"]
[White "Bojan"]
[Black "Falcoale"]
[WhiteElo "1960"]
[BlackElo "1860"]
[Result "1-0"]
[Round "1"]
1.e4 c5
2.Ng1f3 e6
3.d4 cxd4
4.Nf3xd4 Nb8c6
5.Nd4xc6 bxc6
6.a3 Ng8f6
7.Nb1c3 Bc8b7
8.Bf1d3 d5
9.e5 Nf6d7
10.f4 c5
11.O-O Qd8b6
12.Kh1 Bf8e7
13.Bc1d2 O-O
14.b3 a6
15.Nc3a4 Qb6c7
16.Qd1f3 Ra8d8
17.Qf3h3 Nd7b6
18.Qh3xh7 { resign }
1-0

[Event "Tourn. n9005"]
[Site "www.chess-mail.com"]
[Date "2016.11.13"]
[Round "1"]
[White "Darko10"]
[Black "Goofy"]
[WhiteElo "2640"]
[BlackElo "2340"]
[Result "1-0"]
[Round "1"]
1.e4 d5
2.exd5 Ng8f6
3.Ng1f3 Bc8g4
4.Bf1b5 Nb8d7
5.h3 Bg4h5
6.Nb1c3 a6
7.Bb5e2 Nd7b6
8.O-O Nf6xd5
9.Nf3e5 Bh5xe2
10.Qd1xe2 e6
11.Nc3e4 h6
12.d4 Bf8e7
13.Qe2g4 Be7f6
14.c4 Nd5b4
15.Bc1d2 Nb4c6
16.Ne5xc6 bxc6
17.Bd2b4 { resign }
1-0

[Event "Match"]
[Site "www.echecsemail.com"]
[Date "2016.11.13"]
[Round "1"]
[White "Tutulini"]
[Black "Nulladies"]
[WhiteElo "1799"]
[BlackElo "1820"]
[Result "0-1"]
[Round "1"]
1.e4 c5
2.Ng1f3 g6
3.d4 cxd4
4.Nf3xd4 Nb8c6
5.Nb1c3 Bf8g7
6.Bc1e3 e5
7.Nd4b5 Bg7f8
8.Nb5d6 Bf8xd6
9.Bf1e2 Bd6b4
 { time }
0-1

[Event "Match"]
[Site "www.echecsemail.com"]
[Date "2016.11.13"]
[Round "1"]
[White "Wagner"]
[Black "Raulazo"]
[WhiteElo "1810"]
[BlackElo "1940"]
[Result "1-0"]
[Round "1"]
1.e4 e5
2.Ng1f3 Nb8c6
3.c3 Bf8c5
4.Bf1c4 h6
5.d4 exd4
6.cxd4 Bc5b4
7.Nb1c3 Bb4xc3
8.bxc3 Nc6a5
9.Nf3e5 Na5xc4
10.Ne5xc4 Qd8e7
11.Qd1f3 b5
12.Bc1a3 d6
13.e5 bxc4
14.Qf3xa8 Kd7
15.Ra1b1 Qe7d8
16.d5 Qd8e7
17.O-O Qe7xe5
18.Rf1e1 Qe5f5
19.Qa8c6 { resign }
1-0

[Event "Match"]
[Site "www.echecsemail.com"]
[Date "2016.11.13"]
[Round "1"]
[White "Pellix84"]
[Black "Ddum975"]
[WhiteElo "1990"]
[BlackElo "1809"]
[Result "1-0"]
[Round "1"]
1.d4 Ng8f6
2.Ng1f3 g6
3.c4 Bf8g7
4.Nb1c3 d5
5.e3 O-O
6.Bf1d3 dxc4
7.Bd3xc4 c5
8.O-O Bc8g4
9.h3  { time }
1-0

[Event "Fast Game"]
[Site "www.echecsemail.com"]
[Date "2016.11.13"]
[Round "1"]
[White "Sachpat"]
[Black "Egdiogel"]
[WhiteElo "2019"]
[BlackElo "2139"]
[Result "1-0"]
[Round "1"]
1.e4 d6
2.d4 g6
3.Nb1c3 c6
4.h3 Bf8g7
5.Bc1e3 Ng8f6
6.f4 Qd8b6
7.Ra1b1 Nb8a6
8.Qd1d2 Bc8d7
9.Ng1f3 h6
10.Bf1e2 Ra8d8
11.O-O d5
12.e5 Nf6e4
13.Nc3xe4 dxe4
14.Nf3h4 Qb6c7
15.c4 c5
16.d5 O-O
17.a3 Kh7
18.g4 Rf8g8
19.Qd2c2 f5
20.Kh1 e6
21.Rf1g1 Bd7e8
22.dxe6 Qc7e7
23.Nh4xf5 { resign }
1-0

[Event "Tourn. n9044"]
[Site "www.chess-mail.com"]
[Date "2016.11.14"]
[Round "1"]
[White "Nulladies"]
[Black "Caspito"]
[WhiteElo "1830"]
[BlackElo "1850"]
[Result "1-0"]
[Round "1"]
1.d4 Ng8f6
2.Bc1f4 d5
3.Ng1f3 Nb8c6
4.e3 Bc8g4
5.Bf1e2 e6
6.h3 Bg4h5
7.Nb1d2 Bf8b4
8.c3 Bb4a5
9.Nf3e5 Bh5xe2
10.Qd1xe2 O-O
11.g4 Nf6e4
12.Nd2xe4 dxe4
13.Qe2c4 Ba5b6
14.Ne5xc6 bxc6
15.Qc4xc6 Qd8d5
16.Qc6xd5 exd5
17.Ke2 Ra8b8
18.b4 c6
19.Bf4xb8 Rf8xb8
20.Rh1f1 g6
21.f4 Kg7
22.g5 f6
23.h4 a5
24.a3 f5
25.Ra1b1 h6
26.Rb1b2 Bb6c7
27.Rf1b1 Rb8a8
28.b5 Ra8b8
29.bxc6 Rb8c8
30.Rb2b7 hxg5
31.hxg5 Kf8
32.Rb1h1 { resign }
1-0

[Event "Tourn. n9034"]
[Site "www.chess-mail.com"]
[Date "2016.11.14"]
[Round "1"]
[White "Norlavuaram"]
[Black "Tonino1"]
[WhiteElo "2180"]
[BlackElo "2030"]
[Result "1-0"]
[Round "1"]
1.e4 c6
2.d4 d5
3.Nb1d2 dxe4
4.Nd2xe4 Nb8d7
5.Ng1f3 Ng8f6
6.Bf1d3 Nf6xe4
7.Bd3xe4 Nd7f6
8.Be4d3 e6
9.c3 Bf8e7
10.Bc1f4 O-O
11.O-O h6
12.Bd3c2 Qd8b6
13.b3 Rf8d8
14.Bf4e5 c5
15.Qd1d3 g6
16.Nf3h4 cxd4
17.cxd4 Qb6a6
18.Nh4xg6 Qa6xd3
19.Ng6xe7 Kf8
20.Bc2xd3 Kxe7
21.Ra1c1 Nf6d5
22.Bd3e4 a5
23.Be4xd5 Rd8xd5
24.Rc1c7 Rd5d7
25.Rf1c1 Rd7xc7
26.Rc1xc7 Ke8
27.Be5f6 Ra8b8
28.Bf6g7 h5
29.Rc7c5 b6
30.Rc5xh5 Rb8b7
31.Bg7f6 Rb7c7
32.h3 Rc7c2
33.a4 Bc8a6
34.Rh5h8 Kd7
35.Rh8a8 Ba6b7
36.Ra8d8 Kc6
37.h4 Kc7
38.f3 Bb7d5
39.Rd8xd5 exd5
40.h5 Kd6
41.h6 { resign }
1-0

[Event "Tourn. n8995"]
[Site "www.chess-mail.com"]
[Date "2016.11.14"]
[Round "1"]
[White "Julian"]
[Black "Mitja"]
[WhiteElo "1980"]
[BlackElo "1960"]
[Result "0-1"]
[Round "1"]
1.e4 d5
2.exd5 Qd8xd5
3.Nb1c3 Qd5d8
4.d4 e6
5.Ng1f3 c6
6.Bf1d3 h6
7.O-O Ng8f6
8.Rf1e1 Bf8e7
9.Nc3e4 Nb8d7
10.c4 b6
11.Ne4c3 Bc8b7
12.Bc1f4 Nf6h5
13.Bf4e3 Nh5f6
14.d5 cxd5
15.cxd5 Nf6xd5
16.Nc3xd5 Bb7xd5
17.Bd3b5 O-O
18.Be3f4 Nd7f6
19.Nf3e5 a6
20.Ne5c6 Qd8d7
21.Nc6xe7 Qd7xe7
22.Bb5f1 Rf8d8
23.Bf4e5 b5
24.a4 bxa4
25.Qd1xa4 Nf6d7
26.Be5c3 Qe7g5
27.Qa4d4 Rd8c8
28.Re1e3 Rc8c4
29.Qd4xc4 Bd5xc4
30.Bf1xc4 Nd7f6
31.Re3g3 Qg5h4
32.Ra1a4 Nf6h5
33.Bc4b3 Qh4e7
34.Rg3h3 Qe7g5
35.g4 Qg5c1
36.Kg2 Nh5f4
37.Ra4xf4 Qc1xf4
38.Rh3f3 Qf4xg4
39.Rf3g3 Qg4e4
40.Kg1 g6
41.Bb3d1 Ra8d8
42.Bd1f3 Qe4c4
43.Bf3h5 Rd8d5
44.Bh5f3 Rd5g5
45.Kg2 Rg5xg3
46.hxg3 Qc4b3
47.Bf3e4 a5
{ resign }
0-1

[Event "Tourn. n9056"]
[Site "www.chess-mail.com"]
[Date "2016.11.14"]
[Round "1"]
[White "Libiesse"]
[Black "Joseph1983"]
[WhiteElo "2050"]
[BlackElo "2180"]
[Result "1/2-1/2"]
[Round "1"]
1.d4 d5
2.c4 dxc4
3.Ng1f3 c5
4.e3 cxd4
5.Nf3xd4 e5
6.Nd4f3 Qd8xd1
7.Kxd1 Nb8c6
8.Bf1xc4 Bc8g4
9.Kc2 Bg4f5
10.Kd1 Ng8f6
11.a3 Nf6e4
12.Ke2 a6
13.Rh1d1 Bf8e7
14.Nb1d2 Ra8d8
15.Nd2xe4 Rd8xd1
16.Kxd1 Bf5xe4
17.Ke2 O-O
18.b4 Rf8d8
19.Bc1b2 Be7f6
20.Ra1d1 Rd8xd1
21.Kxd1 b5
{ draw }
1/2-1/2

[Event "Tourn. n8986"]
[Site "www.chess-mail.com"]
[Date "2016.11.14"]
[Round "1"]
[White "Attatroll"]
[Black "Amaya"]
[WhiteElo "1910"]
[BlackElo "2090"]
[Result "1-0"]
[Round "1"]
1.Ng1f3 Ng8f6
2.d4 g6
3.c4 Bf8g7
4.Nb1c3 O-O
5.Bc1g5 d6
6.e3 Bc8g4
7.Bf1e2 Nb8d7
8.h3 Bg4xf3
9.Be2xf3 Ra8b8
10.Nc3b5 a6
11.Nb5c3 e5
12.O-O Rf8e8
13.Nc3d5 h6
14.Nd5xf6 Nd7xf6
15.Bg5h4 g5
16.Bh4g3 exd4
17.exd4 Nf6e4
18.Bg3h2 b5
19.Bf3xe4 Re8xe4
20.cxb5 Re4xd4
21.Qd1c2 Rb8xb5
22.Rf1e1 Rd4b4
23.Ra1b1 Rb5c5
24.Qc2d2 Rb4d4
25.Qd2e3 Kf8
26.Rb1d1 Rc5d5
27.Rd1xd4 Rd5xd4
28.Qe3e2 d5
29.Bh2xc7 Qd8d7
30.Qe2xa6 Rd4a4
31.Bc7d6 Kg8
32.Qa6b6 Ra4xa2
33.Qb6b8 Kh7
34.b4 Bg7d4
35.Bd6g3 Bd4c3
36.Re1c1 d4
37.Rc1d1 Qd7a4
38.Rd1d3 Qa4c2
39.Rd3f3 Qc2b3
40.Bg3e5 Qb3e6
41.Qb8h8 Kg6
42.g4 Ra2a1
43.Kg2 Qe6xe5
44.Qh8xe5 Ra1e1
45.Rf3f6 Kg7
46.Qe5f5 Re1e7
47.Rf6xh6 d3
48.Qf5xg5 { resign }
1-0

[Event "Tourn. n8948"]
[Site "www.chess-mail.com"]
[Date "2016.11.14"]
[Round "1"]
[White "Passaroa25"]
[Black "Falcoale"]
[WhiteElo "1540"]
[BlackElo "1530"]
[Result "0-1"]
[Round "1"]
1.e4 c5
2.c3 e6
3.Ng1e2 b6
4.Ne2g3 Bc8b7
5.d3 Ng8f6
6.f3 d5
7.Nb1d2 dxe4
8.Nd2xe4 Bf8e7
9.Bf1e2 Nb8c6
10.Ne4g5 h6
11.Ng5e4 O-O
12.O-O Qd8c7
13.Bc1e3 Ra8d8
14.Be3f2 Nc6e5
15.c4 Ne5xc4
16.Ne4xf6 Be7xf6
17.Qd1c2 Nc4e5
18.f4 Ne5c6
19.Ng3e4 Bf6d4
20.Ra1b1 Bd4xf2
21.Ne4xf2 Nc6d4
22.Qc2d2 Nd4xe2
23.Qd2xe2 Qc7xf4
24.Qe2g4 Qf4xg4
25.Nf2xg4 Rd8xd3
26.Ng4e5 Rd3d2
27.Rf1f2 Rd2xf2
28.Kxf2 Rf8d8
29.g4 Rd8d2
30.Kg3 Rd2g2
31.Kh3 Rg2f2
32.Kg3 Rf2e2
33.Ne5c4 b5
34.Nc4d6 Bb7d5
35.a3 a6
36.h3 c4
37.Kh4 Bd5e4
38.Nd6b7 Be4xb1
39.Nb7c5 a5
40.Nc5b7 a4
41.Nb7d6 Re2xb2
42.Kh5 c3
43.h4 Bb1g6

0-1

[Event "Tourn. n9038"]
[Site "www.chess-mail.com"]
[Date "2016.11.14"]
[Round "1"]
[White "Jackbauer"]
[Black "Libiesse"]
[WhiteElo "1920"]
[BlackElo "1990"]
[Result "1-0"]
[Round "1"]
1.d4 d5
2.Bc1f4 e6
3.Ng1f3 Ng8f6
4.Nb1d2 Bf8d6
5.Bf4xd6 Qd8xd6
6.a3 O-O
7.e3 Nb8d7
8.Bf1e2 c5
9.O-O cxd4
10.Nf3xd4 a6
11.c4 dxc4
12.Nd2xc4 Qd6e7
13.Be2f3 Ra8b8
14.Ra1c1 b5
15.Nc4a5 Qe7d6
16.h3 Nf6d5
17.Rc1c6 Qd6e5
18.Qd1c2 b4
19.Na5c4 Qe5f6
20.Bf3xd5 exd5
21.Rc6xf6 { resign }
1-0

[Event "Tourn. n9022"]
[Site "www.chess-mail.com"]
[Date "2016.11.14"]
[Round "1"]
[White "Drawlward"]
[Black "Seger"]
[WhiteElo "2490"]
[BlackElo "2790"]
[Result "1/2-1/2"]
[Round "1"]
1.e4 c5
2.Ng1f3 d6
3.d4 cxd4
4.Nf3xd4 Ng8f6
5.Nb1c3 a6
6.Bc1g5 e6
7.f4 Qd8b6
8.Qd1d2 Qb6xb2
9.Ra1b1 Qb2a3
10.e5 dxe5
11.fxe5 h6
12.Bg5h4 Nf6d7
13.Nc3e4 Qa3xa2
14.Rb1d1 Qa2d5
15.Qd2e3 Qd5xe5
16.Bf1e2 Bf8c5
17.Bh4g3 Qe5d5
18.c4 Bc5xd4
19.Rd1xd4 Qd5a5
20.Rd4d2 O-O
21.Bg3d6 Rf8d8
22.Qe3g3 Nb8c6
23.O-O f5
24.Bd6c7 Qa5b4
25.Qg3g6 Qb4e7
26.Bc7xd8 Nc6xd8
27.Ne4d6 Nd7e5
28.Qg6g3 Nd8f7
29.c5 Nf7xd6
30.Qg3xe5 Nd6f7
{ draw }
1/2-1/2

[Event "Tourn. n8992"]
[Site "www.chess-mail.com"]
[Date "2016.11.14"]
[Round "1"]
[White "Seger"]
[Black "Ciappo"]
[WhiteElo "2780"]
[BlackElo "2510"]
[Result "1-0"]
[Round "1"]
1.e4 g6
2.d4 Bf8g7
3.Ng1f3 d6
4.c3 a6
5.Bf1d3 b5
6.a4 bxa4
7.Qd1xa4 Bc8d7
8.Qa4c2 Ng8f6
9.O-O O-O
10.Nb1d2 Qd8c8
11.Rf1e1 c5
12.Nd2c4 Qc8c7
13.e5 dxe5
14.dxe5 Nf6d5
15.h4 Bd7b5
16.e6 f5
17.h5 Nb8c6
18.hxg6 hxg6
19.Qc2d2 Ra8d8
20.Qd2g5 { resign }
1-0

[Event "Tourn. n8957"]
[Site "www.chess-mail.com"]
[Date "2016.11.14"]
[Round "1"]
[White "Wegaman"]
[Black "Odin"]
[WhiteElo "1840"]
[BlackElo "1910"]
[Result "1-0"]
[Round "1"]
1.d4 d5
2.c4 e6
3.Nb1c3 Ng8f6
4.Ng1f3 Bf8d6
5.Bc1g5 Nb8d7
6.e3 c5
7.cxd5 cxd4
8.dxe6 dxc3
9.exd7 Qd8xd7
10.Bg5xf6 gxf6
11.bxc3 a6
12.Bf1e2 Rh8g8
13.g3 b5
14.Qd1d4 Bd6e5
15.Qd4xd7 Bc8xd7
16.Nf3d4 Be5c7
17.Be2f3 Ra8b8
18.Ra1b1 f5
19.O-O f4
20.exf4 Bd7h3
21.Rf1e1 Kf8
22.f5 Bc7b6
23.Bf3g2 Bh3xg2
24.Kxg2 Bb6xd4
25.cxd4 Rg8g4
26.d5 f6
27.Re1e6 Kf7
28.Re6xa6 b4
29.Ra6a7 Kg8
30.d6 Rg4d4
31.d7 Rd4d2
32.Ra7c7 Rb8d8
33.Rb1xb4 Rd2xd7
34.Rc7xd7 Rd8c8
35.Rb4b7 h5
36.Rd7g7 Kf8
37.Rb7f7 Ke8
38.Rf7xf6 Rc8d8
39.Rf6h6 Kf8
40.Rg7a7 Kg8
41.Rh6xh5 Rd8d2
42.Rh5h6 Rd2d8
43.f6 { resign }
1-0

[Event "Tourn. n9053"]
[Site "www.chess-mail.com"]
[Date "2016.11.14"]
[Round "1"]
[White "Redabond"]
[Black "Roque1"]
[WhiteElo "1750"]
[BlackElo "1730"]
[Result "0-1"]
[Round "1"]
1.d4 d5
2.Bc1f4 Nb8c6
3.Nb1c3 Nc6xd4
4.Qd1xd4 Bc8f5
5.O-O-O e6
6.Nc3b5 c5
7.Qd4a4 Bf8e7
8.Nb5c7 Kf8
9.Nc7xa8 Qd8xa8
10.Ng1f3 Ng8f6
11.e3 Nf6e4
12.Bf4g3 a6
13.Nf3d2 b5
14.Qa4b3 c4
15.Bf1xc4 dxc4
16.Nd2xc4 bxc4
17.Qb3xc4 g6
18.Rd1d7 Ne4xg3
19.hxg3 Qa8xg2
20.Rd7d8 Be7xd8
21.Rh1d1 Bd8f6
22.Qc4c8 Kg7
23.Qc8xa6 Rh8a8
24.Qa6c4 Qg2xf2
25.Qc4b3 Ra8xa2
26.Rd1d2 Ra2a1

0-1

[Event "Match"]
[Site "www.echecsemail.com"]
[Date "2016.11.14"]
[Round "1"]
[White "Manuelito"]
[Black "Sonny1000"]
[WhiteElo "1710"]
[BlackElo "1350"]
[Result "1-0"]
[Round "1"]
1.d4 d5
2.e3 Nb8c6
3.Ng1f3 f6
4.Bf1e2 Bc8f5
5.a3 Qd8d7
6.O-O e6
7.Nf3h4 Bf5e4
8.Nh4f3 Nc6a5
9.Bc1d2 Qd7b5
10.Be2xb5 c6
11.Bb5d3 Be4xd3
12.cxd3 b6
13.b4 Na5b7
14.Nb1c3 Ng8h6
15.h3 Nh6f5
16.e4 Nf5d6
17.e5 Nd6b5
18.Nc3xb5 Kd7
19.Nb5c3 a5
20.bxa5 Nb7xa5
21.a4 h5
22.h4 fxe5
23.Nf3xe5 Ke7
24.Ne5g6 Kf7
25.Ng6xh8 Kg8
26.Nh8g6 Bf8b4
27.Qd1xh5 Na5b3
28.Qh5h8 Kf7
29.Ng6e5 Ke7
30.Bd2g5 Kd6
31.Qh8xa8 Bb4xc3
32.Qa8xc6 { resign }
1-0

[Event "Match"]
[Site "www.echecsemail.com"]
[Date "2016.11.14"]
[Round "1"]
[White "Azorau"]
[Black "Pariolinius"]
[WhiteElo "1870"]
[BlackElo "1880"]
[Result "1-0"]
[Round "1"]
1.Ng1f3 Ng8f6
2.Nb1c3 g6
3.b4 Bf8g7
4.Bc1b2 O-O
5.e4 d6
6.Qd1e2 e6
7.O-O-O Nb8c6
8.b5 Nc6e7
9.h3 e5
10.g4 h6
11.g5 hxg5
12.Nf3xg5 Bg7h6
13.h4 Nf6h5
14.Qe2c4 Nh5f4
15.Ng5f3 Bc8e6
16.Qc4a4 d5
17.Nf3xe5 d4
18.Nc3b1 Ne7c8
19.Bb2a3 d3
20.Ba3xf8 Nf4e2
21.Bf1xe2 dxe2
22.Rd1e1 Qd8xf8
23.Re1xe2 Nc8b6
24.Qa4d4 Ra8d8
25.Qd4b2 Nb6c4
26.Qb2c3 Bh6g7
27.f4 Nc4xe5
28.fxe5 Qf8e7
29.d4 Be6g4
30.Re2f2 Qe7d7
31.Rf2d2 Bg7h6
32.h5 Bh6xd2
33.Qc3xd2 Qd7xb5
34.hxg6 { resign }
1-0

[Event "1/32 Finale"]
[Site "www.chess-mail.com"]
[Date "2016.11.14"]
[Round "1"]
[White "Paaliaq"]
[Black "Julian"]
[WhiteElo "2630"]
[BlackElo "2020"]
[Result "1-0"]
[Round "1"]
1.e4 c5
2.Ng1f3 d6
3.d4 cxd4
4.Nf3xd4 Ng8f6
5.Nb1c3 a6
6.Bc1g5 e6
7.f4 Bf8e7
8.Qd1f3 Qd8c7
9.O-O-O Nb8d7
10.g4 O-O
11.Bg5h4 b5
12.g5 Nf6e8
13.a3 Bc8b7
14.f5 Nd7e5
15.Qf3e3 Ra8c8
16.fxe6 fxe6
17.Bf1h3 Ne5c4
18.Qe3e1 Rf8f4
19.Nd4xe6 Rf4xh4
20.Qe1xh4 Qc7b6
21.Ne6f4 Qb6e3
22.Kb1 Nc4d2
23.Rd1xd2 Qe3xd2
24.Bh3e6 { resign }
1-0

[Event "Tourn. n9069"]
[Site "www.chess-mail.com"]
[Date "2016.11.15"]
[Round "1"]
[White "Guidom"]
[Black "Libiesse"]
[WhiteElo "2150"]
[BlackElo "2070"]
[Result "1-0"]
[Round "1"]
1.e4 c5
2.Ng1f3 e6
3.c4 Nb8c6
4.Nb1c3 Qd8c7
5.Nc3b5 Qc7b8
6.d4 cxd4
7.Nf3xd4 Ng8f6
8.Bf1d3 Nc6e5
9.Nb5c3 Ne5xd3
10.Qd1xd3 Bf8b4
11.Bc1d2 a6
12.O-O d6
13.a3 Bb4xc3
14.Bd2xc3 O-O
15.Ra1e1 e5
16.Nd4f5 Rf8d8
17.Nf5e7 { resign }
1-0